1435 1049 1265 1495 1611 1483 1326 1826 1603 1260 1040 1069 1148 1619 1221 1370 1152 1510 1052 1557 1438 1538 1408 1809 1532 1632 1589 1517 1844 1631 1205 1723 1421 1774 1236 1136 1372 1438 1038 1791 1316 1142 1124 1642 1795 1034 1273 1357 1989 1167 1462 1899 1980 1614 1585 1589 1827 1806 1390 1920 1721 1184 1712 1689 1673 1926 1160 1969 1161 1158 1987 1647 1477 1765 1901 1051 1639 1615 1778 1050 1159 1585 1800 1460 1135 1708 1365 1935 1807 1709 1384 1328 1997 1374 1246 1225 1400 1727 1363 BCNSPRNW ULIB Ver.6.0+V

เปลี่ยนเป็นภาษาไทย

Change to English
 แสดงรายละเอียดบรรณานุกรม
  กลับหน้าหลัก

Brief Record : Get Marc (ISO 2709) : E-mail record : QR code < ปิดหน้าต่าง
LEADER : 00000nam 2200000uu 4500
001    13399111732
003     ULIB
008    110707s2553||||th 000 0 tha d
020    9742554148
050  4 DS578^bบ125 2553
100 0  ขวัญแก้ว วัชโรทัย
245 00 บทความของนายขวัญแก้ว วัชโรทัย รองเลขาธิการพระราชวัง ฝ่ายกิจกรรมพิเศษ บรรยาเฉลิมพระเกียรติ ในปีพุทธศักราช 2533 ถึง 2552 /^cขวัญแก้ว วัชโรทัย
250    พิมพ์ครั้งที่ 1
260    กรุงเทพฯ :^bอมรินทร์พริ้นติ้ง แอนด์พับลิชชิ่ง จำกัด,^c2553
300    225 หน้า :^bภาพประกอบสี
650  7 สิริกิติ์ พระบรมราชินีนาถ, สมเด็จพระนางเจ้า, 2475-
945    ^p0^l0^i029169
995    ทศพร
999 ^a ใช้งานได้ทุกระบบ
รายการนี้ยังไม่มีแท็ก
คุณยังไม่ได้ล็อกอิน คุณสามารถมีกิจกรรมร่วมกับเว็บไซต์ได้ แต่ต้องล็อกอินก่อน ::
  ล็อกอิน

รายการสื่อสารสนเทศ

ลำดับที่ ประเภท เลขเรียก/บาร์โค้ด สถานที่ สถานะ
- ไม่พบข้อมูล -

BibComment


ยังไม่เคยถูกคอมเมนท์

คอมเมนท์ทรัพยากรรายการนี้
  คอมเมนท์: บทความของนายขวัญแ..


 Copyright 2026. Bcnsprnw @Library